000 00265nam a2200109Ia 4500
008 200302s9999 xx 000 0 und d
100 _aE P Danger
245 _aSelecting Colour for Print
260 _bGower Technical Press Inc.
260 _c1987
300 _a162 P.,
999 _c1438
_d1438